| 000 | 00893nam a2200229 i 4500 | ||
|---|---|---|---|
| 001 | 166715 | ||
| 003 | ES-MaACL | ||
| 005 | 20230906213403.0 | ||
| 008 | 031006s1839 fr |||| | fre d | ||
| 040 |
_aCCPB | B _bspa _cCCPB | B |
||
| 100 | 0 |
_aTucidides. _9111626 |
|
| 245 | 1 | 0 |
_aOeuvres complètes de Thucydide et de Xénophon / _cavec notices biographiques par J.A.C. Buchon. |
| 260 |
_aParis : _bAuguste Desrez, imprimeur-éditeur, _c1839 ( _eBatignolles-Monceaux : _fimprimerie d'Auguste Desrez et C.\pie\s) |
||
| 300 |
_aXVI, 818 p. ; _c25 cm. |
||
| 490 | 1 | _aPanthéon Littéraire. Littérature grecque. Histoire | |
| 651 | 4 |
_aGrecia- _xHistoria. _98777 |
|
| 700 | 0 |
_aJenofonte. _966312 |
|
| 700 | 1 |
_aBuchon, Jean-Alexandre. _9126221 |
|
| 830 | 0 |
_aPanthéon Littéraire. Littérature grecque. Histoire _9188394 |
|
| 852 |
_aES-MaACL _jG-13582 _z-- Enc. hol. |
||
| 999 |
_c166715 _d166715 |
||